000 01006nam a22002537a 4500
005 20100629141657.0
008 100629t xxu||||| |||| 00| 0 hin d
010 _aHIN-89561
020 _a9789350001530
_c150.00
035 _aHN-61907
037 _bDBAD / PUB
040 _aDPL
_bHN
082 _a821
100 _aगोंडवी, अदम
_921222
245 _aसमय से मुठभेड़ /
_cअदम गोंडवी
246 _aSamay se muthbher/
_bby Adam Gondavi
260 _aनई दिल्ली
_bवाणी प्रकाशन
_c2010
270 _a4695, 21-ए, दरियागंज
_bनई दिल्ली
_e110002
300 _a107पृ
_c22सेमी (सजिल्द)
650 _aहिन्दी कविता
_9697
650 _aHindi Poetry
_9698
942 _2ddc
_cHN
_h821
_mअदम
999 _c36751
_d36751